000 01854nam0a22004091 4500
001 RU\NLR\bibl\427657
005 20250622175656.0
010 _a5-93662-020-4
_91200
021 _aRU
_b2003-30436
_91433
035 _a(NLR Aleph) 000421537
090 _a698104
_c698105
100 _a20030812d2003 |||y0rusy50 ca
101 0 _arus
102 _aRU
105 _aa |||||||||
200 1 _aПрошлое Китая
_fЕ. Бар
210 _aМ.
_cЕвролинц
_d2003
215 _a213, [1] с.
_cил.
_d22
300 _aЗагл. обл.: История Китая. Духовная культура Китая
320 _aБиблиогр.: с. 213 и в подстроч. примеч.
423 0 _12001#$aИсторический очерк Китая$fИ.Мамаев, В. Колоколов
_1210##$aМ.$d2003
_1215##$aС. 33-102
_1700#1$aМамаев$bИ.$4070
_1701#1$aКолоколов$bВ.$4070
_tИсторический очерк Китая
_aМамаев, И.
423 0 _12001#$aДуховная культура Китая$fВ. Грубе
_1210##$aМ.$d2003
_1215##$aС. 103-213
_1700#1$aГрубе$bВ.$gВильгельм$4070
_tДуховная культура Китая
_aГрубе, Вильгельм
512 1 _aИстория Китая. Духовная культура Китая
517 0 _aДуховная культура Китая
606 0 _aРелигия
_yКитай
_91512157
_3RU\NLR\auth\66958460
607 _aКитай
_xИстория
_91127018
_3RU\NLR\auth\66127699
686 _aТ3(5Кит)0,02
686 _aЭ239(5Кит)
700 1 _aБар
_bЕ.
_4070
801 0 _aRU
_bNLR
_c20030812
_gPSBO
801 1 _aRU
_bNLR
_c20030812
852 _aNLR
_bОЛСАА-сл-спр
_j3-3911
942 _cBOOK
980 _aNB
980 1 _aSL_SPR